000 00404nam a2200181Ia 4500
001 3974
005 20250626025553.0
008 211022s9999 xx 000 0 und d
020 _a0006372643
082 _a743 EDW
100 _aEdwards, Betty
245 0 _aDrawing on the artist within
260 _aLondon
260 _bHarper Collins Publishers
260 _c1988
300 _a240
942 _cBK
999 _c5630
_d5630